[Event "Pardubice Czech Tintera op 30th"]
[Site "Pardubice"]
[Date "2019.07.27"]
[Round "9"]
[White "Strebkovs, Andrejs"]
[Black "Schatz, Christian"]
[Result "1-0"]
[WhiteElo "2275"]
[BlackElo "2193"]
[PlyCount "80"]
[EventDate "2019.07.19"]
[EventType "swiss"]
[EventRounds "9"]
[EventCountry "CZE"]
[SourceTitle "EXT 2020"]
[Source "ChessBase"]
[SourceDate "2019.10.17"]
[SourceVersion "1"]
[SourceVersionDate "2019.10.17"]
[SourceQuality "1"]

1. Nf3 Nf6 2. c4 c5 3. Nc3 e6 4. g3 b6 5. Bg2 Bb7 6. 0-0 Be7 7. b3 0-0 8. Bb2 d5 9. e3 Nbd7 10. Qe2 Rc8 11. Rac1 Qc7 12. cxd5 exd5 13. d4 Qb8 14. Ne5 Rfd8 15. Nxd7 Nxd7 16. Nxd5 Bf8 17. Rfd1 Qa8 18. e4 cxd4 19. Rxc8 Qxc8 20. Bxd4 Nc5 21. Qh5 Ne6 22. Be3 Qc2 23. Rd2 Qc8 24. Qd1 Bxd5 25. exd5 Nc5 26. d6 Qe6 27. Bxc5 bxc5 28. d7 Be7 29. Bf1 Bf6 30. Bb5 Qb6 31. Qe2 Rf8 32. Bc4 Qc6 33. Rd5 Bd8 34. Qe5 Bb6 35. Qe7 Qe6 36. d8Q Bxd8 37. Qxf8+ Kxf8 38. Rxd8+ Qe8 39. Rxe8+ Kxe8 40. Kg2 f6 1-0

[Event "Pardubice op rapid 30th"]
[Site "Pardubice"]
[Date "2019.07.19"]
[Round "7"]
[White "Zanan, Evgeny"]
[Black "Strebkovs, Andrejs"]
[Result "1-0"]
[WhiteElo "2505"]
[BlackElo "2275"]
[PlyCount "87"]
[EventDate "2019.07.17"]
[EventType "swiss (rapid)"]
[EventRounds "9"]
[EventCountry "CZE"]
[SourceTitle "CBM 191 Extra"]
[Source "ChessBase"]
[SourceDate "2019.09.30"]
[SourceVersion "1"]
[SourceVersionDate "2019.09.30"]
[SourceQuality "1"]

1. d4 d5 2. Nf3 Nf6 3. Bf4 g6 4. e3 Bg7 5. c4 c6 6. Nc3 0-0 7. Qb3 Qb6 8. c5 Qd8 9. Be2 b6 10. cxb6 axb6 11. 0-0 Nbd7 12. h3 Ba6 13. Rfc1 Bxe2 14. Nxe2 Rc8 15. Qa4 c5 16. b4 Ne4 17. Rab1 Ra8 18. Qc2 c4 19. a4 Qc8 20. Ra1 Qc6 21. b5 Qb7 22. Nd2 Nxd2 23. Qxd2 e5 24. Bg3 Rfe8 25. Nc3 exd4 26. exd4 Nf6 27. Be5 Ne4 28. Nxe4 Bxe5 29. dxe5 dxe4 30. Rxc4 Rxe5 31. Rac1 Re7 32. Qe3 Rd8 33. Rc6 Rb8 34. R1c4 f5 35. Qb3 Kf8 36. Qc3 Kf7 37. Rc7 Qd5 38. Rxe7+ Kxe7 39. Qg7+ Ke8 40. Rc7 Qd1+ 41. Kh2 Qd6+ 42. g3 Kd8 43. Rf7 Ke8 44. Qg8+ 1-0

[Event "Pardubice op rapid 30th"]
[Site "Pardubice"]
[Date "2019.07.18"]
[Round "4"]
[White "Strebkovs, Andrejs"]
[Black "Lymar, Vladislav"]
[Result "1/2-1/2"]
[WhiteElo "2275"]
[BlackElo "2024"]
[PlyCount "160"]
[EventDate "2019.07.17"]
[EventType "swiss (rapid)"]
[EventRounds "9"]
[EventCountry "CZE"]
[SourceTitle "CBM 191 Extra"]
[Source "ChessBase"]
[SourceDate "2019.09.30"]
[SourceVersion "1"]
[SourceVersionDate "2019.09.30"]
[SourceQuality "1"]

1. d4 Nf6 2. Bf4 c5 3. e3 g6 4. Nd2 Bg7 5. c3 0-0 6. h3 b6 7. Ngf3 Bb7 8. a4 Ba6 9. Bb5 Bxb5 10. axb5 d6 11. 0-0 Nd5 12. Bh2 Nc7 13. Qb3 Qd7 14. c4 a6 15. bxa6 Rxa6 16. d5 b5 17. e4 bxc4 18. Nxc4 f6 19. Qb7 Rxa1 20. Rxa1 Nb5 21. Qb6 Rc8 22. Ra8 Qe8 23. Na5 c4 24. Qb7 Nc7 25. Nc6 Nxa8 26. Nxe7+ Kh8 27. Nxc8 Qa4 28. Bxd6 Nd7 29. Ne7 Bf8 30. e5 Bxe7 31. Bxe7 fxe5 32. Ng5 Nab6 33. Qc6 Qd1+ 34. Kh2 Qxd5 35. Qc7 h6 36. Nf3 Qe6 37. Bc5 Nxc5 38. Qxc5 Nd7 39. Qc8+ Kg7 40. Nd2 Qf5 41. Qxc4 Qxf2 42. Qd5 Qf4+ 43. Kg1 Qe3+ 44. Kf1 Qf4+ 45. Ke2 Nf6 46. Qb7+ Kg8 47. Qc8+ Kf7 48. Qc7+ Kf8 49. Qc4 e4 50. b4 Qg3 51. Qc5+ Kf7 52. Qc4+ Ke7 53. b5 Qxg2+ 54. Kd1 Qg1+ 55. Kc2 e3 56. Qc5+ Ke6 57. Nc4 Qf2+ 58. Kb3 Qf1 59. Qxe3+ Kf7 60. Nd6+ Kf8 61. Nc4 Qb1+ 62. Nb2 Qf5 63. b6 Qb5+ 64. Kc2 Nd5 65. Qxh6+ Kf7 66. Qh7+ Kf6 67. Qh8+ Kf7 68. b7 Nb4+ 69. Kd2 Qd5+ 70. Ke3 Nc2+ 71. Kf2 Qd2+ 72. Kf3 Qe3+ 73. Kg2 Qe2+ 74. Kg3 Qe1+ 75. Kg2 Qe4+ 76. Kg3 Qe3+ 77. Kg4 Qe4+ 78. Kg3 Qe3+ 79. Kg2 Qe2+ 80. Kg3 Qe3+ 1/2-1/2

[Event "Pardubice op rapid 30th"]
[Site "Pardubice"]
[Date "2019.07.17"]
[Round "2"]
[White "Strebkovs, Andrejs"]
[Black "Rasik, Vitezslav"]
[Result "1/2-1/2"]
[WhiteElo "2275"]
[BlackElo "2470"]
[PlyCount "94"]
[EventDate "2019.07.17"]
[EventType "swiss (rapid)"]
[EventRounds "9"]
[EventCountry "CZE"]
[SourceTitle "CBM 191 Extra"]
[Source "ChessBase"]
[SourceDate "2019.09.30"]
[SourceVersion "1"]
[SourceVersionDate "2019.09.30"]
[SourceQuality "1"]

1. e4 d6 2. d4 g6 3. Nc3 Bg7 4. f4 Nf6 5. Nf3 0-0 6. Bd3 Nc6 7. Be3 Ng4 8. Bg1 e5 9. fxe5 dxe5 10. d5 Nd4 11. h3 Nh6 12. Qd2 f5 13. 0-0-0 fxe4 14. Nxe4 Qxd5 15. c3 Nxf3 16. gxf3 Nf5 17. Qe2 Be6 18. b3 Qa5 19. Bf2 Rad8 20. Kb2 c6 21. Bc4 Bd5 22. b4 Qc7 23. Ng5 Rfe8 24. Ne4 a5 25. a3 axb4 26. axb4 b5 27. Bb3 Kh8 28. Ra1 Bxb3 29. Kxb3 Qf7+ 30. Kb2 Nd6 31. Ra7 Qg8 32. Ng5 Ra8 33. Rha1 Rxa7 34. Rxa7 Ra8 35. Qd3 Rxa7 36. Bxa7 Qd5 37. Qxd5 cxd5 38. Bc5 Nf5 39. Ne6 e4 40. fxe4 dxe4 41. Kc2 Be5 42. Kd2 Kg8 43. Nd8 Bf4+ 44. Ke2 g5 45. Nc6 h5 46. Na7 Kf7 47. Nxb5 Ke6 1/2-1/2